000 00252nam a2200109Ia 4500
008 190907s9999||||xx |||||||||||||| ||und||
100 _aCline,Marshall P.
245 0 _aC ++FAQS
260 _aNew York
_bMicrosoft Press
_c1999
300 _a460
942 _cBK
999 _c6438
_d6438